| 000 | 01919nam0a22003611 4500 | ||
|---|---|---|---|
| 001 | rc\3454441 | ||
| 005 | 20130115123819.8 | ||
| 021 |
_aRU _b[74-26140] |
||
| 035 | _a(NLR Aleph) 007893174 | ||
| 090 |
_a7990991 _c7990991 |
||
| 100 | _a20130115d1974 |||y0rusy50 ca | ||
| 101 | 0 | _arus | |
| 102 | _aRU | ||
| 105 | _aab z ||||| | ||
| 200 | 1 |
_aОсвободительная миссия Советских Вооруженных Сил во второй мировой войне _fПод общ. ред. и с предисл. Маршала Сов. Союза А.А. Гречко _gИн-т воен. истории М-ва обороны СССР |
|
| 205 | _a2-е изд. | ||
| 210 |
_aМосква _cПолитиздат _d1974 |
||
| 215 |
_a502 с., 30 л. ил., карт. _d22 |
||
| 300 | _aНа обороте тит. л. авт.: канд. воен. наук, ген.-майор И.В. Паротькин, кандидаты ист. наук, полковники Н.Г. Андроников и М.М. Малахов и др. | ||
| 320 | _aУказ. имен. и геогр. назв.: с. 479-499 | ||
| 606 |
_aСоветско-японская война 1945 г. _2psbo |
||
| 606 |
_aСоветская Армия на фронтах Великой Отечественной войны 1941-1945 гг. _yЕвропа _2psbo |
||
| 606 |
_aВеликая Отечественная война 1941-1945 гг. _xВсемирно-историческое значение _2psbo |
||
| 701 | 1 |
_aПаротькин _bИ. В. |
|
| 701 | 1 |
_aАндроников _bН. Г. |
|
| 701 | 1 |
_aМалахов _bМ. М. |
|
| 702 | 1 |
_aГречко _bА. А. _gАндрей Антонович _4340 _4080 |
|
| 712 | 0 | 2 |
_aИнститут военной истории _cМосква _3RU\NLR\AUTH\8810216771 |
| 801 | 0 |
_aRU _bNLR _gpsbo |
|
| 801 | 1 |
_aRU _bELAR _2rusmarc |
|
| 852 |
_aNLR _j73-5/7313 |
||
| 942 | _cBOOK | ||
| 980 | _aNB | ||